00353pab a2200121 454500008004000000100002300040245008600063260000900149300001100158362000900169650002800178773002500206180718b1983 xxu||||| |||| 00| 0 eng d aShinohara, Miyohei aReal exchange rates and patterns of industrialization in East and South East Asia c1983 a357-75 aDec. aForeign Exchange - Asia aDeveloping Economies